| 000 | 00729nam a22002057a 4500 | ||
|---|---|---|---|
| 003 | |||
| 005 | 20250917094901.0 | ||
| 008 | 250917s2000 ru ||||fr|||| 000 0 eng d | ||
| 040 |
_aMX-MxUPN _bspa _cMX-MxUPN |
||
| 041 | 0 | _aeng | |
| 050 | 1 | 4 |
_aLB2823 _bU54 2000 |
| 110 | 2 |
_aUNESCO Institute for Information Technologies in Education _957429 |
|
| 245 | 1 |
_aInformation and comunication technology in special education : _b Analitycal survery |
|
| 260 |
_aMoscow : _bUnesco, Institute for Information Technolgies in Education, _c2000 |
||
| 300 | _a32 páginas | ||
| 650 | 4 |
_aTecnología educativa _vEncuestas _957795 |
|
| 650 | 2 |
_aNecesidades educativas especiales _96118 |
|
| 902 | _aBerenice Martínez/170925 | ||
| 942 |
_2lcc _cFOLL |
||
| 999 |
_c214083 _d214083 |
||